INFORME FINAL DEL EJERCICIO PROFESIONAL SUPERVISADO REALIZADO EN LA GRANJA DEL CENTRO UNIVERSITARIO DEL NORTE, MUNICIPIO DE COBAN, ALTA VERAPAZ. (Registro nro. 2251)
[ vista simple ]
| 000 -LEADER | |
|---|---|
| campo de control de longitud fija | 03804nam a22003377a 4500 |
| 001 - NÚMERO DE CONTROL | |
| campo de control | TZ 0030 A´1 |
| 003 - IDENTIFICADOR DE NÚMERO DE CONTROL | |
| campo de control | gtcocun |
| 005 - FECHA Y HORA DE LA ÚLTIMA TRANSACCIÓN | |
| campo de control | 20251006200752.0 |
| 006 - CÓDIGOS DE INFORMACIÓN DE LONGITUD FIJA--CARACTERÍSTICAS DEL MATERIAL ADICIONAL | |
| campo de control de longitud fija | a||||gr|||| 00| 0 |
| 007 - CAMPO FIJO DE DESCRIPCIÓN FÍSICA--INFORMACIÓN GENERAL | |
| campo de control de longitud fija | ta |
| 008 - DATOS DE LONGITUD FIJA--INFORMACIÓN GENERAL | |
| campo de control de longitud fija | 251006b2007 gt ||||| m||| 00| 0 eng d |
| 040 ## - FUENTE DE CATALOGACIÓN | |
| Centro catalogador/agencia de origen | gtcocun |
| Lengua de catalogación | SPA |
| Centro/agencia transcriptor | gtcocun |
| Normas de descripción | RDA |
| 041 ## - CÓDIGO DE IDIOMA | |
| Código de lengua del texto/banda sonora o título independiente | SPA TZ 0030 A´1 |
| 084 ## - OTRO NÚMERO DE CLASIFICACIÓN | |
| Número de control del registro de autoridad o número normalizado | TZ 0030 A´1 |
| 100 ## - ENTRADA PRINCIPAL--NOMBRE DE PERSONA | |
| Nombre de persona | Valdez Morales, Cristhian Alfonzo |
| Término indicativo de función/relación | Autor |
| 245 ## - MENCIÓN DEL TÍTULO | |
| Título | INFORME FINAL DEL EJERCICIO PROFESIONAL SUPERVISADO REALIZADO EN LA GRANJA DEL CENTRO UNIVERSITARIO DEL NORTE, MUNICIPIO DE COBAN, ALTA VERAPAZ. |
| Mención de responsabilidad, etc. | Cristhian Alfonzo Valdez Morales. |
| Medio | Impreso |
| 264 ## - PRODUCCIÓN, PUBLICACIÓN, DISTRIBUCIÓN, FABRICACIÓN Y COPYRIGHT | |
| Producción, publicación, distribución, fabricación y copyright | Cobán, Alta Verapaz: |
| Nombre del de productor, editor, distribuidor, fabricante | Universidad de San Carlos de Guatemala, Centro Universitario del Norte, Zootecnia |
| Fecha de producción, publicación, distribución, fabricación o copyright | 2007 |
| 300 ## - DESCRIPCIÓN FÍSICA | |
| Extensión | 36 p.: |
| Otras características físicas | Ilustraciones, gráficas. |
| Dimensiones | 28 cm; |
| 336 ## - TIPO DE CONTENIDO | |
| Fuente | rdacontenido |
| Término de tipo de contenido | Texto |
| Código de tipo de contenido | txt |
| 337 ## - TIPO DE MEDIO | |
| Fuente | rdamedio |
| Nombre/término del tipo de medio | Computadora |
| Código del tipo de medio | n |
| 338 ## - TIPO DE SOPORTE | |
| Fuente | rdasoporte |
| Nombre/término del tipo de soporte | Código en línea |
| Código del tipo de soporte | cr |
| 502 ## - NOTA DE TESIS | |
| identificador de la tesis | TZ 0030 A´1 |
| 502 ## - NOTA DE TESIS | |
| Nota de tesis | Tesis de grado |
| Tipo de título | Zootecnia, |
| Nombre de la institución que otorga el título | Universidad de San Carlos de Guatemala, Centro Universitario del Norte, Zootecnia |
| Año de obtención del título | 2007 |
| Identificador de la tesis | TZ 0030 A´1 |
| 520 14 - RESUMEN, ETC. | |
| Sumario, etc. | La investigación fue realizada en la granja pecuaria del Centro Universitario del Norte, ubicada en el municipio de Cobán, departamento de Alta Verapaz, a una altitud de 1,323 metros sobre el nivel del mar, temperatura media anual de 20.1 grados centígrados, humedad relativa de 79.5 por cien y precipitación pluvial media de 2,335.8 milímetros anuales.<br/><br/>La finalidad del trabajo fue evaluar tres densidades de población, ocho, diez y doce animales por metro cuadrado, en el engorde de conejos sobre piso de concreto, las variables medidas fueron consumo de alimento, ganancia de peso, conversión alimenticia y rendimiento en canal caliente, también se determinaron los costos de producción para cada tratamiento evaluado.<br/><br/>Se utilizaron once hembras reproductoras raza California y tres machos reproductores raza Nueva Zelanda, para la obtención de treinta y seis gazapos machos de 28 días de edad, que conformaron el experimento. Éste tuvo una duración de 56 días, período durante el cual a los animales se les suministró a libre acceso, agua y un alimento comercial balanceado en forma de pellet.<br/>El diseño experimental que se utilizó en el trabajo fue completamente al azar, con tres tratamientos y tres repeticiones. Los resultados obtenidos fueron sometidos a un análisis de varianza (ANDEVA), con la finalidad de determinar si existían diferencias significativas entre tratamientos.<br/><br/>Los resultados indicaron que no hubo diferencias estadísticas significativas<br/>en cuanto a las variables productivas evaluadas. Se obtuvieron consumos<br/>voluntarios medios diarios que oscilaron entre los 0.1135 y 0.1294 kilogramos.<br/>Se determinaron ganancias diarias de peso de 0.0297, 0.0324 y 0.0298 kilogramos para las densidades ocho, diez y doce gazapos por metro cuadrado.<br/>La conversión alimenticia varió entre 3.82 y 4.00, y el rendimiento en canal caliente fue similar para todos los tratamientos, 51.46, 52.74 y 51.26 por cien, respectivamente.<br/><br/>Los costos para producir un kilogramo de peso vivo fueron similares en las<br/>densidades de diez y doce gazapos por metro cuadrado, sin embargo la densidad<br/>ocho por metro cuadrado obtuvo mayores costos para producir la misma cantidad de peso vivo. |
| 650 14 - PUNTO DE ACCESO ADICIONAL DE MATERIA--TÉRMINO DE MATERIA | |
| Fuente del encabezamiento o término | LEMB |
| Término de materia o nombre geográfico como elemento de entrada | Cobán, Alta Verapaz. |
| Subdivisión general | Zootecnia |
| -- | Conversión |
| -- | Rendimiento |
| -- | Densidad |
| -- | Tratamientos |
| -- | Alimento comercial |
| 700 ## - ENTRADA AGREGADA--NOMBRE PERSONAL | |
| Nombre de persona | Lic. Zoot. MPA. Fredy Giovani Macz Choc |
| Término indicativo de función/relación | Asesor |
| 700 ## - ENTRADA AGREGADA--NOMBRE PERSONAL | |
| Nombre de persona | M.V. Axel Vinicio Calderón Barrientos |
| 856 ## - LOCALIZACIÓN Y ACCESO ELECTRÓNICOS | |
| Identificador Uniforme de Recurso | <a href="https://drive.google.com/file/d/1DsSeiGE21bGVybhGW181YiqT6l6Y8oY9/view">https://drive.google.com/file/d/1DsSeiGE21bGVybhGW181YiqT6l6Y8oY9/view</a> |
| Texto de enlace | |
| Nota pública | Un ejemplar en línea. |
| 942 ## - ELEMENTOS DE ENTRADA SECUNDARIOS (KOHA) | |
| Fuente de la clasificación o esquema de estantería | Clasificación Decimal Dewey |
| Tipo de ítem Koha | TESIS |
| Parte de la signatura que identifica el ejemplar (Parte del ítem) | TZ 0030 A´1 |
| Prefijo de la signatura | Clasificación |
| Suprimir en OPAC | No |
| -- | TZ_0030_000000000000000_A1 |
| Estatus retirado | Estado de pérdida | Fuente de la clasificación o esquema de estantería | Estado de daño | No para préstamo | Colección | Biblioteca de origen | Biblioteca actual | Ubicación en estantería | Fecha de adquisición | Número de inventario | Total de préstamos | Signatura topográfica completa | Código de barras | Visto por última vez | Precio de reemplazo | Tipo de ítem Koha |
|---|---|---|---|---|---|---|---|---|---|---|---|---|---|---|---|---|
| Clasificación Decimal Dewey | tesis | BIBLIOTECA- CUNOR -JOSÉ LUIS GONZALES ROSALES | BIBLIOTECA- CUNOR -JOSÉ LUIS GONZALES ROSALES | Colección tesis | 16/09/2025 | TZ 0030 | TZ 0030 | TZ 0030 | 16/09/2025 | 16/09/2025 | TESIS |